Hawk Tuah Quiz - Statistics

General Stats
  • This quiz has been taken 226 times
    215 since last reset
  • The average score is 3 of 12
Answer Stats
Hint Answer % Correct
“.. Hawk Tuah, ____ on that thang” Spit
100%
The name of her podcast Talk Tuah
78%
# of episodes the podcast has in its 3 first months 13
55%
Real name of the "Hawk Tuah girl" Haliey Welch
38%
Her favorite NBA team Atlanta Hawks
18%
NBA player who she invited to the podcast Trae Young
14%
MLB team for which she threw a first pitch New York Mets
13%
Guest on Episode 5 of the podcast Jojo Siwa
9%
Guest on Episode 1 of the podcast Whitney Cummings
8%
Date when the meme was created June 11 2024
4%
Dating advice app made by the "Hawk Tuah girl" Pookie Tools
3%
The person who interviewed the “Hawk Tuah girl” (on the date above) DeArius Marlow
2%
No matching quizzes found
Score Distribution
Percent of People with Each Score
Percentile by Number Answered
Your Score History
You have not taken this quiz since the last reset